000 00574nam a22001817a 4500
999 _c190188
_d190188
005 20220720120253.0
010 _aENG-133547
020 _a9788189975968
_c550.00
035 _aEN-117079
037 _bDBAD/PUB
082 _aS
245 _aElectric Feather:
_bThe Tranquebar Book of Erotic Stories/
_cEdited by Ruchir Joshi
260 _aChennai
_bTranquebar Press
_c2013
270 _a571, Poonamalle High Road, Kamaraj Bhavan, Ajinijikarai
_bChennai
_e600029
300 _avii, 204p.
_bAcknowledgement
_c22cm(Hb)
700 _aJoshi, Ruchir
942 _2ddc
_cEN
_hS
_mELE